Truth and Method (Record no. 16244)

MARC details
000 -LEADER
fixed length control field 00558nam a2200229 a 4500
020 ## - INTERNATIONAL STANDARD BOOK NUMBER
ISBN 082647697X
082 00 - DEWEY DECIMAL CLASSIFICATION NUMBER
Classification number 190
Author Cutter GAD
100 ## - MAIN ENTRY--AUTHOR NAME
Author name Gadamer, Hans-Georg
245 ## - TITLE STATEMENT
Title Truth and Method
260 ## - PUBLICATION, DISTRIBUTION, ETC. (IMPRINT)
Place of publication New York
Name of publisher Continuum
Year of publication 2004
300 ## - PHYSICAL DESCRIPTION
Number of Pages 601
500 ## - GENERAL NOTE
General note includes index and biblioraphy
650 ## - SUBJECT ADDED ENTRY--TOPICAL TERM
Topical Term Philosophy-Western
942 ## - ADDED ENTRY ELEMENTS (KOHA)
Koha item type Books
700 1# -
-- Gadamer, Hans-Georg
Holdings
Collection code Home library Current library Date acquired Cost, normal purchase price Full call number Accession Number Koha item type
  Henry Martyn Institute Library Henry Martyn Institute Library 11/18/2010 395.00 190 GAD 021595 Books
                   Copyright © 2026 | Henry Martyn Institute | Hyderabad | TS-500052 | INDIA | Implemented by hmi.edu.in
Hit-Count:

Powered by Koha